Juan Ruiz de Alarcón.../inc./

Bibliographic Details
Main Author: Mittelmann-Dedinský, Móric, 1914-1989 (Author)
Format: Article
Language:Slovak
Subjects:

MARC

LEADER 00000nab a2200000 a 4500
001 vtls000138747
003 SK-MaSNL
005 20260303025653.0
008 140416c1982 xo 0 slo
015 |a SNBRB19rr/mm-uuuuu 
035 |a CL0148853 
040 |a SNKBUCL  |b slo  |c SNKBUCL  |e AACR2 
041 0 |a slo 
044 |a xo  |c SK 
080 |a 82:929:860  |2 1981 
080 |a 860  |2 1981 
080 |a 929 Ruiz, Juan de Alarcón Y Mendoza  |2 1981 
100 1 |a Mittelmann-Dedinský, Móric,  |d 1914-1989  |4 aut  |9 104877 
245 1 0 |a Juan Ruiz de Alarcón.../inc./  |c M.M. Dedinský 
500 |a Pod spoločným názvom Nasledovníci Lope de Vegu Tirsodi Molina a ďalší. V rubrike Veľkí dramatici sveta. 
600 1 7 |a Ruiz, Juan de Alarcón Y Mendoza  |2 snkbucl  |9 1010307 
655 7 |a články z novín a časopisov  |2 snkbucl  |9 267496 
655 7 |a články z odboru literárna veda a krásna literatúra  |2 snkbucl  |9 770045 
773 0 |t Javisko  |g Roč. 14, č. 11 (1982), s. 611 
850 |a Slovenská národná knižnica v Martine  |a MTA001 
852 |a SNK  |b KIS3GCP 
958 |a RK 
958 |a LX 
992 |a RBX 
999 |c 1647653  |d 1649583